Sénégal - 2022 - Statistiques

Statistiques générales
  • Ce quiz a été pris 63 fois
  • Le résultat moyen est 14 sur 26
Statistiques - réponses
Par images Réponse % Correct
Édouard Mendy
100%
Kalidou Koulibaly
91%
Nicolas Jackson
80%
Iliman Ndiaye
79%
Idrissa Gueye
75%
Krépin Diatta
73%
Ismaïla Sarr
66%
Abdou Diallo
64%
Pape Gueye
64%
Pape Matar Sarr
64%
Nampalys Mendy
61%
Boulaye Dia
59%
Ismail Jakobs
54%
Bamba Dieng
50%
Pathé Ciss
48%
Cheikhou Kouyaté
46%
Seny Dieng
39%
Youssouf Sabaly
39%
Alfred Gomis
38%
Moustapha Name
36%
Fodé Ballo-Touré
34%
Famara Diédhiou
27%
Formose Mendy
27%
Mamadou Loum N'Diaye
21%
Pape Abou Cissé
21%
Moussa Ndiaye
16%
Aucun quiz correspondant
Distribution des résultats
% des personnes avec chaque résultat
Percentile par nombre de réponses
Votre historique - résultats
Vous n’avez pas pris ce quiz